[Event "English Schools Championship Final 2024"]
[Site "Nottingham University Kings Meadow Campus, United Kingdom"]
[Date "2024.06.28"]
[Round "5.1"]
[White "Verma, Shlok"]
[Black "Buanne, Luca"]
[Result "1/2-1/2"]
[TimeControl "G50' + 10\" per move."]
[WhiteFideId "441228"]
[BlackFideId "460133"]
[WhiteElo "2264"]
[BlackElo "2154"]

1. d4 {[%clk 00:50:12]} {[%emt 00:00:07]} Nf6 {[%clk 00:50:05]} {[%emt
00:00:06]} 2. c4 {[%clk 00:50:18]} {[%emt 00:00:13]} e6 {[%clk 00:50:12]}
{[%emt 00:00:03]} 3. Nf3 {[%clk 00:50:20]} {[%emt 00:00:08]} Bb4+ {[%clk
00:50:18]} {[%emt 00:00:04]} 4. Bd2 {[%clk 00:50:16]} {[%emt 00:00:14]} c5
{[%clk 00:50:23]} {[%emt 00:00:05]} 5. Bxb4 {[%clk 00:48:53]} {[%emt 00:01:33]}
cxb4 {[%clk 00:50:28]} {[%emt 00:00:06]} 6. Nbd2 {[%clk 00:48:36]} {[%emt
00:00:25]} a5 {[%clk 00:49:47]} {[%emt 00:00:52]} 7. e4 {[%clk 00:45:10]}
{[%emt 00:03:36]} d6 {[%clk 00:49:04]} {[%emt 00:00:54]} 8. Bd3 {[%clk
00:44:39]} {[%emt 00:00:41]} O-O {[%clk 00:48:01]} {[%emt 00:01:13]} 9. O-O
{[%clk 00:44:25]} {[%emt 00:00:23]} Re8 {[%clk 00:47:47]} {[%emt 00:00:25]} 10.
a3 {[%clk 00:39:38]} {[%emt 00:04:57]} Na6 {[%clk 00:47:20]} {[%emt 00:00:37]}
11. a4 {[%clk 00:36:09]} {[%emt 00:03:39]} e5 {[%clk 00:46:45]} {[%emt
00:00:45]} 12. d5 {[%clk 00:33:16]} {[%emt 00:03:03]} Bg4 {[%clk 00:44:38]}
{[%emt 00:02:16]} 13. h3 {[%clk 00:27:22]} {[%emt 00:06:05]} Bxf3 {[%clk
00:44:42]} {[%emt 00:00:05]} 14. Qxf3 {[%clk 00:27:09]} {[%emt 00:00:22]} Rc8
{[%clk 00:42:13]} {[%emt 00:02:40]} 15. Nb3 {[%clk 00:25:07]} {[%emt 00:02:12]}
b6 {[%clk 00:40:31]} {[%emt 00:01:54]} 16. Be2 {[%clk 00:24:39]} {[%emt
00:00:36]} Qc7 {[%clk 00:36:37]} {[%emt 00:04:04]} 17. Qe3 {[%clk 00:22:00]}
{[%emt 00:02:49]} Re7 {[%clk 00:33:26]} {[%emt 00:03:22]} 18. Kh2 {[%clk
00:16:52]} {[%emt 00:05:17]} Nc5 {[%clk 00:31:28]} {[%emt 00:02:08]} 19. Nxc5
{[%clk 00:16:39]} {[%emt 00:00:23]} Qxc5 {[%clk 00:31:34]} {[%emt 00:00:05]} 20.
Qd3 {[%clk 00:14:09]} {[%emt 00:02:39]} Rce8 {[%clk 00:30:14]} {[%emt
00:01:30]} 21. b3 {[%clk 00:13:43]} {[%emt 00:00:36]} Qc7 {[%clk 00:28:16]}
{[%emt 00:02:09]} 22. Qe3 {[%clk 00:12:57]} {[%emt 00:00:55]} Nd7 {[%clk
00:27:44]} {[%emt 00:00:43]} 23. Bd3 {[%clk 00:12:45]} {[%emt 00:00:20]} Nc5
{[%clk 00:27:47]} {[%emt 00:00:08]} 24. Bc2 {[%clk 00:12:51]} {[%emt 00:00:04]}
Qd7 {[%clk 00:26:50]} {[%emt 00:01:07]} 25. g4 {[%clk 00:12:35]} {[%emt
00:00:26]} Kh8 {[%clk 00:25:04]} {[%emt 00:01:56]} 26. Rh1 {[%clk 00:12:05]}
{[%emt 00:00:39]} Qc8 {[%clk 00:23:50]} {[%emt 00:01:25]} 27. Rag1 {[%clk
00:11:15]} {[%emt 00:01:00]} Nd7 {[%clk 00:23:01]} {[%emt 00:01:00]} 28. Kg2
{[%clk 00:10:28]} {[%emt 00:00:56]} Qc5 {[%clk 00:21:49]} {[%emt 00:01:22]} 29.
Kf3 {[%clk 00:09:06]} {[%emt 00:01:31]} Qxe3+ {[%clk 00:21:27]} {[%emt
00:00:34]} 30. Kxe3 {[%clk 00:08:52]} {[%emt 00:00:23]} Nf8 {[%clk 00:20:51]}
{[%emt 00:00:47]} 31. h4 {[%clk 00:08:35]} {[%emt 00:00:26]} Ng6 {[%clk
00:20:38]} {[%emt 00:00:24]} 32. Bd1 {[%clk 00:08:15]} {[%emt 00:00:27]} Nf4
{[%clk 00:20:31]} {[%emt 00:00:20]} 33. g5 {[%clk 00:07:44]} {[%emt 00:00:40]}
Rf8 {[%clk 00:19:13]} {[%emt 00:01:29]} 34. h5 {[%clk 00:07:31]} {[%emt
00:00:23]} f6 {[%clk 00:17:18]} {[%emt 00:02:05]} 35. g6 {[%clk 00:05:46]}
{[%emt 00:01:55]} h6 {[%clk 00:11:19]} {[%emt 00:06:08]} 36. Bg4 {[%clk
00:04:58]} {[%emt 00:00:58]} Kg8 {[%clk 00:10:25]} {[%emt 00:01:05]} 37. Bf5
{[%clk 00:05:04]} {[%emt 00:00:04]} Rd8 {[%clk 00:10:08]} {[%emt 00:00:26]} 38.
Rg4 {[%clk 00:04:37]} {[%emt 00:00:37]} Kf8 {[%clk 00:08:27]} {[%emt 00:01:52]}
39. Rxf4 {[%clk 00:03:47]} {[%emt 00:01:00]} exf4+ {[%clk 00:08:32]} {[%emt
00:00:04]} 40. Kxf4 {[%clk 00:03:55]} {[%emt 00:00:01]} Rde8 {[%clk 00:07:43]}
{[%emt 00:01:01]} 41. Be6 {[%clk 00:03:46]} {[%emt 00:00:19]} Rxe6 {[%clk
00:05:06]} {[%emt 00:02:46]} 42. dxe6 {[%clk 00:03:54]} {[%emt 00:00:02]} Rxe6
{[%clk 00:05:15]} {[%emt 00:00:02]} 43. Rd1 {[%clk 00:03:38]} {[%emt 00:00:25]}
Ke7 {[%clk 00:05:24]} {[%emt 00:00:02]} 44. Rd5 {[%clk 00:03:31]} {[%emt
00:00:17]} Re5 {[%clk 00:04:07]} {[%emt 00:01:27]} 45. Ke3 {[%clk 00:02:49]}
{[%emt 00:00:51]} Kd7 {[%clk 00:00:57]} {[%emt 00:03:21]} 46. f4 {[%clk
00:02:31]} {[%emt 00:00:28]} Re7 {[%clk 00:00:21]} {[%emt 00:00:46]} 47. Kd4
{[%clk 00:02:33]} {[%emt 00:00:07]} Kc7 {[%clk 00:00:20]} {[%emt 00:00:09]} 48.
e5 {[%clk 00:02:27]} {[%emt 00:00:18]} dxe5+ {[%clk 00:00:17]} {[%emt
00:00:14]} 49. fxe5 {[%clk 00:02:35]} {[%emt 00:00:02]} Re6 {[%clk 00:00:13]}
{[%emt 00:00:13]} 50. exf6 {[%clk 00:01:28]} {[%emt 00:01:17]} Rxf6 {[%clk
00:00:20]} {[%emt 00:00:02]} 51. c5 {[%clk 00:01:02]} {[%emt 00:00:37]} Rf4+
{[%clk 00:00:21]} {[%emt 00:00:10]} 52. Ke3 {[%clk 00:01:07]} {[%emt 00:00:04]}
Rh4 {[%clk 00:00:30]} {[%emt 00:00:01]} 53. cxb6+ {[%clk 00:01:03]} {[%emt
00:00:15]} Kxb6 {[%clk 00:00:39]} {[%emt 00:00:01]} 54. Rd7 {[%clk 00:00:58]}
{[%emt 00:00:15]} Rxh5 {[%clk 00:00:30]} {[%emt 00:00:20]} 55. Rxg7 {[%clk
00:01:03]} {[%emt 00:00:04]} Rh3+ {[%clk 00:00:22]} {[%emt 00:00:17]} 56. Kd2
{[%clk 00:00:54]} {[%emt 00:00:19]} Rxb3 {[%clk 00:00:20]} {[%emt 00:00:13]} 57.
Rg8 {[%clk 00:01:03]} Rg3 {[%clk 00:00:26]} {[%emt 00:00:04]} 58. g7 {[%clk
00:01:10]} {[%emt 00:00:02]} Kb7 {[%clk 00:00:34]} 59. Kc2 {[%clk 00:01:06]}
{[%emt 00:00:15]} h5 {[%clk 00:00:40]} {[%emt 00:00:04]} 60. Rh8 {[%clk
00:01:04]} {[%emt 00:00:12]} Rxg7 {[%clk 00:00:48]} {[%emt 00:00:03]} 61. Rxh5
{[%clk 00:01:13]} Rg2+ {[%clk 00:00:53]} {[%emt 00:00:04]} 62. Kb3 {[%clk
00:01:21]} {[%emt 00:00:02]} Kb6 {[%clk 00:00:51]} {[%emt 00:00:13]} 63. Rh6+
{[%clk 00:01:30]} {[%emt 00:00:01]} Kb7 {[%clk 00:00:41]} {[%emt 00:00:20]} 64.
Rh5 {[%clk 00:01:38]} {[%emt 00:00:01]} Ka6 {[%clk 00:00:22]} {[%emt 00:00:30]}
65. Rh6+ {[%clk 00:01:47]} Ka7 {[%clk 00:00:31]} {[%emt 00:00:01]} 66. Rh5
{[%clk 00:01:55]} {[%emt 00:00:02]} Rg3+ {[%clk 00:00:14]} {[%emt 00:00:27]} 67.
Kc4 {[%clk 00:01:38]} {[%emt 00:00:26]} Rc3+ {[%clk 00:00:23]} {[%emt
00:00:02]} 68. Kb5 {[%clk 00:01:24]} {[%emt 00:00:22]} b3 {[%clk 00:00:29]}
{[%emt 00:00:06]} 69. Rh1 {[%clk 00:00:29]} {[%emt 00:01:03]} b2 {[%clk
00:00:19]} {[%emt 00:00:22]} 70. Rb1 {[%clk 00:00:32]} {[%emt 00:00:06]} Rb3+
{[%clk 00:00:27]} {[%emt 00:00:02]} 71. Kc4 {[%clk 00:00:35]} {[%emt 00:00:07]}
Rb4+ {[%clk 00:00:29]} {[%emt 00:00:09]} 72. Kc3 {[%clk 00:00:42]} {[%emt
00:00:03]} Kb6 {[%clk 00:00:26]} {[%emt 00:00:13]} 73. Kd4 {[%emt 00:00:55]}
1/2-1/2

[Event "English Schools Championship Final 2024"]
[Site "Nottingham University Kings Meadow Campus, United Kingdom"]
[Date "2024.06.28"]
[Round "5.2"]
[White "Ali, Shahvez"]
[Black "Babu, Rahul"]
[Result "0-1"]
[TimeControl "G50' + 10\" per move."]
[WhiteFideId "453790"]
[BlackFideId "25625136"]
[WhiteElo "2107"]
[BlackElo "2212"]

1. d4 {[%clk 00:50:13]} {[%emt 00:00:07]} Nf6 {[%clk 00:49:45]} {[%emt
00:00:35]} 2. c4 {[%clk 00:50:18]} {[%emt 00:00:05]} c6 {[%clk 00:49:48]}
{[%emt 00:00:08]} 3. Nf3 {[%clk 00:50:23]} {[%emt 00:00:06]} d5 {[%clk
00:49:39]} {[%emt 00:00:18]} 4. cxd5 {[%clk 00:50:27]} {[%emt 00:00:05]} cxd5
{[%clk 00:49:45]} {[%emt 00:00:04]} 5. e3 {[%clk 00:50:31]} {[%emt 00:00:05]}
Nc6 {[%clk 00:49:21]} {[%emt 00:00:35]} 6. Nc3 {[%clk 00:50:29]} {[%emt
00:00:13]} a6 {[%clk 00:49:05]} {[%emt 00:00:25]} 7. a3 {[%clk 00:50:27]}
{[%emt 00:00:12]} Bf5 {[%clk 00:41:54]} {[%emt 00:07:21]} 8. Bd3 {[%clk
00:50:25]} {[%emt 00:00:12]} Bxd3 {[%clk 00:41:33]} {[%emt 00:00:30]} 9. Qxd3
{[%clk 00:50:30]} {[%emt 00:00:06]} e6 {[%clk 00:41:36]} {[%emt 00:00:07]} 10.
b4 {[%clk 00:49:27]} {[%emt 00:01:13]} Be7 {[%clk 00:39:07]} {[%emt 00:02:40]}
11. O-O {[%clk 00:49:28]} {[%emt 00:00:09]} O-O {[%clk 00:39:13]} {[%emt
00:00:04]} 12. Bb2 {[%clk 00:48:48]} {[%emt 00:00:50]} Qb6 {[%clk 00:36:47]}
{[%emt 00:02:35]} 13. Rac1 {[%clk 00:47:59]} {[%emt 00:01:00]} Rfc8 {[%clk
00:36:38]} {[%emt 00:00:19]} 14. Na4 {[%clk 00:47:14]} {[%emt 00:00:55]} Qa7
{[%clk 00:35:54]} {[%emt 00:00:53]} 15. Rc2 {[%clk 00:45:40]} {[%emt 00:01:45]}
Bd6 {[%clk 00:34:08]} {[%emt 00:01:55]} 16. Rfc1 {[%clk 00:44:25]} {[%emt
00:01:26]} Ne7 {[%clk 00:33:59]} {[%emt 00:00:18]} 17. Rxc8+ {[%clk 00:35:05]}
{[%emt 00:09:30]} Rxc8 {[%clk 00:32:59]} {[%emt 00:01:10]} 18. Rxc8+ {[%clk
00:35:10]} {[%emt 00:00:05]} Nxc8 {[%clk 00:33:06]} {[%emt 00:00:03]} 19. Ne5
{[%clk 00:34:53]} {[%emt 00:00:27]} b5 {[%clk 00:31:21]} {[%emt 00:01:54]} 20.
Nc5 {[%clk 00:34:49]} {[%emt 00:00:15]} Nb6 {[%clk 00:31:27]} {[%emt 00:00:04]}
21. f3 {[%clk 00:33:21]} {[%emt 00:01:39]} Nc4 {[%clk 00:31:14]} {[%emt
00:00:22]} 22. Qb3 {[%clk 00:31:54]} {[%emt 00:01:36]} Bxe5 {[%clk 00:22:24]}
{[%emt 00:09:01]} 23. dxe5 {[%clk 00:31:43]} {[%emt 00:00:21]} Nd7 {[%clk
00:22:31]} {[%emt 00:00:03]} 24. Nxd7 {[%clk 00:28:09]} {[%emt 00:03:45]} Qxd7
{[%clk 00:22:06]} {[%emt 00:00:34]} 25. Bd4 {[%clk 00:28:01]} {[%emt 00:00:18]}
Qe7 {[%clk 00:20:01]} {[%emt 00:02:14]} 26. Qc3 {[%clk 00:08:49]} {[%emt
00:19:24]} Qg5 {[%clk 00:18:43]} {[%emt 00:01:27]} 27. Qc2 {[%clk 00:07:14]}
{[%emt 00:01:46]} h5 {[%clk 00:18:36]} {[%emt 00:00:17]} 28. a4 {[%clk
00:05:49]} {[%emt 00:01:35]} bxa4 {[%clk 00:15:24]} {[%emt 00:03:22]} 29. Qxa4
{[%clk 00:05:48]} {[%emt 00:00:11]} Qg6 {[%clk 00:15:30]} {[%emt 00:00:04]} 30.
Qxa6 {[%clk 00:04:36]} {[%emt 00:01:22]} Qb1+ {[%clk 00:13:13]} {[%emt
00:02:28]} 31. Kf2 {[%clk 00:04:45]} Qxb4 {[%clk 00:12:45]} {[%emt 00:00:37]}
32. Qa2 {[%clk 00:04:40]} {[%emt 00:00:15]} h4 {[%clk 00:11:13]} {[%emt
00:01:42]} 33. Qc2 {[%clk 00:03:59]} {[%emt 00:00:50]} Qb8 {[%clk 00:10:58]}
{[%emt 00:00:23]} 34. f4 {[%clk 00:03:31]} {[%emt 00:00:41]} Qb4 {[%clk
00:10:52]} {[%emt 00:00:15]} 35. Bc3 {[%clk 00:03:40]} {[%emt 00:00:03]} Qc5
{[%clk 00:10:17]} {[%emt 00:00:43]} 36. Bd4 {[%clk 00:03:48]} {[%emt 00:00:03]}
Qa5 {[%clk 00:10:02]} {[%emt 00:00:23]} 37. Bc3 {[%clk 00:03:27]} {[%emt
00:00:33]} Qb5 {[%clk 00:09:59]} {[%emt 00:00:12]} 38. Bd4 {[%clk 00:03:23]}
{[%emt 00:00:15]} g6 {[%clk 00:08:24]} {[%emt 00:01:45]} 39. Bc3 {[%clk
00:02:46]} {[%emt 00:00:47]} Na3 {[%clk 00:08:16]} {[%emt 00:00:16]} 40. Qb2
{[%clk 00:01:49]} {[%emt 00:01:09]} Qa4 {[%clk 00:08:21]} {[%emt 00:00:05]} 41.
Qa2 {[%clk 00:01:24]} {[%emt 00:00:35]} Kg7 {[%clk 00:07:50]} {[%emt 00:00:41]}
42. Bd4 {[%clk 00:01:12]} {[%emt 00:00:23]} Qb4 {[%clk 00:07:16]} {[%emt
00:00:42]} 43. Qb2 {[%clk 00:01:16]} {[%emt 00:00:07]} Qa5 {[%clk 00:07:18]}
{[%emt 00:00:08]} 44. Qc3 {[%clk 00:01:15]} {[%emt 00:00:11]} Qa4 {[%clk
00:07:01]} {[%emt 00:00:26]} 45. Qb2 {[%clk 00:00:44]} {[%emt 00:00:42]} Nc4
{[%clk 00:06:08]} {[%emt 00:01:02]} 46. Qe2 {[%clk 00:00:26]} {[%emt 00:00:29]}
Qb4 {[%clk 00:05:30]} {[%emt 00:00:48]} 47. Qd3 {[%clk 00:00:14]} {[%emt
00:00:22]} Nd2 {[%clk 00:05:29]} {[%emt 00:00:10]} 48. h3 {[%clk 00:00:23]}
{[%emt 00:00:03]} Ne4+ {[%clk 00:05:31]} {[%emt 00:00:07]} 49. Kf3 {[%clk
00:00:25]} {[%emt 00:00:08]} Qe1 {[%clk 00:05:34]} {[%emt 00:00:06]} 50. Qxe4
{[%clk 00:00:14]} {[%emt 00:00:22]} Qg3+ {[%clk 00:05:40]} {[%emt 00:00:04]}
0-1

[Event "English Schools Championship Final 2024"]
[Site "Nottingham University Kings Meadow Campus, United Kingdom"]
[Date "2024.06.28"]
[Round "5.3"]
[White "Dupuis, Denis K"]
[Black "Patel, Zain"]
[Result "0-1"]
[TimeControl "G50' + 10\" per move."]
[WhiteFideId "452980"]
[BlackFideId "469246"]
[WhiteElo "2195"]
[BlackElo "2050"]

1. e4 {[%clk 00:50:18]} {[%emt 00:00:01]} c6 {[%clk 00:49:59]} {[%emt
00:00:21]} 2. d4 {[%clk 00:49:50]} {[%emt 00:00:37]} d5 {[%clk 00:50:02]}
{[%emt 00:00:08]} 3. exd5 {[%clk 00:49:54]} {[%emt 00:00:06]} cxd5 {[%clk
00:50:06]} {[%emt 00:00:06]} 4. c4 {[%clk 00:50:01]} {[%emt 00:00:03]} Nf6
{[%clk 00:49:23]} {[%emt 00:00:52]} 5. Nc3 {[%clk 00:50:03]} {[%emt 00:00:08]}
e6 {[%clk 00:49:00]} {[%emt 00:00:34]} 6. Nf3 {[%clk 00:49:29]} {[%emt
00:00:41]} Nc6 {[%clk 00:48:28]} {[%emt 00:00:45]} 7. Bg5 {[%clk 00:48:43]}
{[%emt 00:00:54]} Be7 {[%clk 00:48:02]} {[%emt 00:00:37]} 8. a3 {[%clk
00:47:27]} {[%emt 00:01:27]} O-O {[%clk 00:47:29]} {[%emt 00:00:43]} 9. Bd3
{[%clk 00:46:28]} {[%emt 00:01:08]} h6 {[%clk 00:45:25]} {[%emt 00:02:15]} 10.
Bh4 {[%clk 00:46:04]} {[%emt 00:00:33]} b6 {[%clk 00:43:22]} {[%emt 00:02:15]}
11. O-O {[%clk 00:44:15]} {[%emt 00:01:57]} Bb7 {[%clk 00:43:02]} {[%emt
00:00:31]} 12. Re1 {[%clk 00:42:30]} {[%emt 00:01:55]} Rc8 {[%clk 00:41:09]}
{[%emt 00:02:03]} 13. Bxf6 {[%clk 00:33:49]} {[%emt 00:08:51]} Bxf6 {[%clk
00:40:45]} {[%emt 00:00:33]} 14. cxd5 {[%clk 00:33:15]} {[%emt 00:00:44]} Nxd4
{[%clk 00:37:40]} {[%emt 00:03:16]} 15. Nxd4 {[%clk 00:31:48]} {[%emt
00:01:37]} Bxd4 {[%clk 00:37:45]} {[%emt 00:00:06]} 16. dxe6 {[%clk 00:15:45]}
{[%emt 00:16:12]} fxe6 {[%clk 00:33:51]} {[%emt 00:04:04]} 17. Ne4 {[%clk
00:15:10]} {[%emt 00:00:45]} Bxe4 {[%clk 00:31:04]} {[%emt 00:02:58]} 18. Rxe4
{[%clk 00:14:55]} {[%emt 00:00:24]} Bxf2+ {[%clk 00:28:45]} {[%emt 00:02:29]}
19. Kh1 {[%clk 00:14:58]} {[%emt 00:00:07]} Rc6 {[%clk 00:26:08]} {[%emt
00:02:47]} 20. Qe2 {[%clk 00:13:00]} {[%emt 00:02:08]} Rf6 {[%emt 00:07:12]} 21.
Bc4 {[%clk 00:08:10]} {[%emt 00:04:51]} Qe7 {[%clk 00:13:47]} {[%emt 00:05:38]}
22. Rf1 {[%clk 00:06:15]} {[%emt 00:02:04]} Qf7 {[%clk 00:13:25]} {[%emt
00:00:31]} 23. b4 {[%emt 00:02:12]} Kh8 {[%clk 00:07:46]} {[%emt 00:05:42]} 24.
g3 {[%clk 00:03:57]} {[%emt 00:00:34]} Bd4 {[%clk 00:06:37]} {[%emt 00:01:19]}
25. Rxd4 {[%clk 00:00:28]} {[%emt 00:03:39]} Rxc4 {[%clk 00:06:10]} {[%emt
00:00:38]} 26. Rd8+ {[%clk 00:00:22]} {[%emt 00:00:16]} Kh7 {[%clk 00:06:06]}
{[%emt 00:00:13]} 27. Qd3+ {[%clk 00:00:18]} {[%emt 00:00:13]} Rf5 {[%clk
00:05:35]} {[%emt 00:00:42]} 28. Rxf5 {[%clk 00:00:16]} {[%emt 00:00:13]} exf5
{[%clk 00:05:42]} {[%emt 00:00:03]} 29. Rd7 {[%clk 00:00:13]} {[%emt 00:00:13]}
Qe6 {[%clk 00:05:23]} {[%emt 00:00:29]} 30. Rd6 {[%clk 00:00:12]} {[%emt
00:00:11]} Qe1+ {[%clk 00:04:53]} {[%emt 00:00:40]} 31. Kg2 {[%clk 00:00:18]}
{[%emt 00:00:03]} Re4 {[%clk 00:04:57]} {[%emt 00:00:06]} 32. Qf3 {[%clk
00:00:15]} {[%emt 00:00:13]} Qe2+ {[%clk 00:03:49]} {[%emt 00:01:19]} 33. Qf2
{[%clk 00:00:13]} {[%emt 00:00:11]} Re3 {[%clk 00:03:04]} {[%emt 00:00:55]} 34.
a4 {[%clk 00:00:12]} {[%emt 00:00:11]} Qxf2+ {[%clk 00:02:38]} {[%emt
00:00:36]} 35. Kxf2 {[%clk 00:00:21]} Re4 {[%clk 00:02:42]} {[%emt 00:00:06]}
36. Rd7 {[%clk 00:00:21]} {[%emt 00:00:11]} a5 {[%clk 00:01:48]} {[%emt
00:01:04]} 37. bxa5 {[%clk 00:00:15]} {[%emt 00:00:15]} bxa5 {[%clk 00:01:57]}
{[%emt 00:00:01]} 38. Rd5 {[%clk 00:00:22]} {[%emt 00:00:03]} Rxa4 {[%clk
00:02:03]} {[%emt 00:00:05]} 39. Rxf5 {[%clk 00:00:28]} {[%emt 00:00:03]} Ra2+
{[%clk 00:02:05]} {[%emt 00:00:08]} 40. Kg1 {[%clk 00:00:36]} {[%emt 00:00:02]}
a4 {[%clk 00:02:13]} {[%emt 00:00:02]} 41. Ra5 {[%clk 00:00:38]} {[%emt
00:00:07]} a3 {[%clk 00:02:03]} {[%emt 00:00:21]} 42. Ra6 {[%clk 00:00:35]}
{[%emt 00:00:13]} Kg8 {[%clk 00:01:51]} {[%emt 00:00:22]} 43. Ra7 {[%clk
00:00:38]} {[%emt 00:00:08]} Kf8 {[%clk 00:01:59]} {[%emt 00:00:01]} 44. Kh1
{[%clk 00:00:40]} {[%emt 00:00:07]} Ke8 {[%clk 00:01:39]} {[%emt 00:00:32]} 45.
Kg1 {[%clk 00:00:44]} {[%emt 00:00:04]} Kd8 {[%clk 00:01:45]} {[%emt 00:00:04]}
46. Kh1 {[%clk 00:00:51]} {[%emt 00:00:03]} Kc8 {[%clk 00:01:55]} {[%emt
00:00:01]} 47. Kg1 {[%clk 00:00:59]} {[%emt 00:00:02]} Kb8 {[%clk 00:02:04]}
{[%emt 00:00:01]} 48. Ra4 {[%clk 00:00:58]} {[%emt 00:00:10]} Kb7 {[%clk
00:02:11]} {[%emt 00:00:05]} 49. Kh1 {[%clk 00:00:40]} {[%emt 00:00:26]} Kb6
{[%clk 00:02:18]} {[%emt 00:00:04]} 50. Kg1 {[%clk 00:00:49]} {[%emt 00:00:01]}
Kb5 {[%clk 00:02:27]} 51. Ra7 {[%clk 00:00:49]} {[%emt 00:00:10]} g5 {[%clk
00:02:36]} 52. h4 {[%clk 00:00:37]} {[%emt 00:00:22]} g4 {[%clk 00:02:28]}
{[%emt 00:00:17]} 53. h5 {[%clk 00:00:34]} {[%emt 00:00:14]} Kb4 {[%clk
00:02:38]} 54. Ra6 {[%clk 00:00:35]} {[%emt 00:00:07]} Rc2 {[%clk 00:02:36]}
{[%emt 00:00:13]} 55. Rxh6 {[%clk 00:00:15]} {[%emt 00:00:29]} Rc5 {[%clk
00:02:43]} {[%emt 00:00:04]} 56. Re6 {[%clk 00:00:14]} {[%emt 00:00:09]} Rxh5
{[%clk 00:02:52]} {[%emt 00:00:03]} 57. Re4+ {[%clk 00:00:17]} {[%emt
00:00:05]} Ka5 {[%clk 00:02:36]} {[%emt 00:00:28]} 58. Re8 {[%clk 00:00:13]}
{[%emt 00:00:14]} Rb5 {[%clk 00:02:38]} {[%emt 00:00:08]} 59. Kf2 {[%clk
00:00:16]} {[%emt 00:00:07]} Ka4 {[%clk 00:02:47]} 60. Re1 {[%clk 00:00:15]}
{[%emt 00:00:10]} a2 {[%clk 00:02:53]} {[%emt 00:00:05]} 61. Ra1 {[%clk
00:00:16]} {[%emt 00:00:09]} Ka3 {[%clk 00:03:02]} {[%emt 00:00:01]} 62. Ke3
{[%clk 00:00:20]} {[%emt 00:00:06]} Rb1 {[%clk 00:03:11]} {[%emt 00:00:01]} 63.
Rxa2+ {[%clk 00:00:25]} {[%emt 00:00:05]} Kxa2 {[%clk 00:03:20]} 64. Kf4 {[%clk
00:00:35]} Rb4+ {[%clk 00:03:29]} {[%emt 00:00:01]} 0-1

[Event "English Schools Championship Final 2024"]
[Site "Nottingham University Kings Meadow Campus, United Kingdom"]
[Date "2024.06.28"]
[Round "5.4"]
[White "Cordova Lopez, Diego Anton"]
[Black "Bharat Kumar, Balahari"]
[Result "1/2-1/2"]
[TimeControl "G50' + 10\" per move."]
[WhiteFideId "459313"]
[BlackFideId "496464"]
[WhiteElo "2018"]
[BlackElo "2144"]

1. e4 {[%clk 00:50:18]} {[%emt 00:00:03]} c5 {[%clk 00:50:15]} {[%emt
00:00:05]} 2. Nf3 {[%clk 00:50:25]} {[%emt 00:00:03]} d6 {[%clk 00:50:19]}
{[%emt 00:00:06]} 3. d4 {[%clk 00:50:32]} {[%emt 00:00:02]} cxd4 {[%clk
00:50:25]} {[%emt 00:00:05]} 4. Nxd4 {[%clk 00:50:38]} {[%emt 00:00:02]} Nf6
{[%clk 00:50:31]} {[%emt 00:00:05]} 5. Nc3 {[%clk 00:50:40]} {[%emt 00:00:07]}
a6 {[%clk 00:50:34]} {[%emt 00:00:08]} 6. h3 {[%clk 00:50:46]} {[%emt
00:00:04]} e6 {[%clk 00:47:08]} {[%emt 00:03:36]} 7. g4 {[%clk 00:50:52]}
{[%emt 00:00:04]} b5 {[%clk 00:46:08]} {[%emt 00:01:10]} 8. a3 {[%clk
00:49:59]} {[%emt 00:01:03]} Bb7 {[%clk 00:46:04]} {[%emt 00:00:14]} 9. Bg2
{[%clk 00:49:59]} {[%emt 00:00:10]} Nfd7 {[%clk 00:44:53]} {[%emt 00:01:21]} 10.
Be3 {[%clk 00:47:31]} {[%emt 00:02:38]} Nb6 {[%clk 00:41:45]} {[%emt 00:03:17]}
11. b3 {[%clk 00:44:18]} {[%emt 00:03:24]} N8d7 {[%clk 00:38:19]} {[%emt
00:03:35]} 12. O-O {[%clk 00:41:48]} {[%emt 00:02:40]} Rc8 {[%clk 00:36:05]}
{[%emt 00:02:24]} 13. Nce2 {[%clk 00:41:04]} {[%emt 00:00:54]} d5 {[%clk
00:32:17]} {[%emt 00:03:58]} 14. Ng3 {[%clk 00:35:56]} {[%emt 00:05:18]} Be7
{[%clk 00:20:58]} {[%emt 00:11:28]} 15. f4 {[%clk 00:22:23]} {[%emt 00:13:44]}
dxe4 {[%clk 00:19:45]} {[%emt 00:01:23]} 16. Nxe4 {[%clk 00:22:14]} {[%emt
00:00:19]} Nd5 {[%clk 00:18:26]} {[%emt 00:01:28]} 17. Bc1 {[%clk 00:20:59]}
{[%emt 00:01:26]} Nc5 {[%clk 00:16:39]} {[%emt 00:01:57]} 18. Ne2 {[%clk
00:14:21]} {[%emt 00:06:48]} Nxe4 {[%clk 00:14:13]} {[%emt 00:02:35]} 19. Bxe4
{[%clk 00:14:21]} {[%emt 00:00:12]} Qb6+ {[%clk 00:09:30]} {[%emt 00:04:53]} 20.
Kh2 {[%clk 00:13:29]} {[%emt 00:01:01]} Bf6 {[%clk 00:04:24]} {[%emt 00:05:16]}
21. Rb1 {[%clk 00:13:32]} {[%emt 00:00:07]} Nc3 {[%clk 00:00:50]} {[%emt
00:03:44]} 22. Nxc3 {[%clk 00:13:38]} {[%emt 00:00:04]} Bxc3 {[%clk 00:00:58]}
{[%emt 00:00:03]} 23. Qf3 {[%clk 00:12:05]} {[%emt 00:01:43]} Bxe4 {[%clk
00:00:36]} {[%emt 00:00:32]} 24. Qxe4 {[%clk 00:12:08]} {[%emt 00:00:07]} O-O
{[%clk 00:00:15]} {[%emt 00:00:31]} 25. Be3 {[%clk 00:10:11]} {[%emt 00:02:06]}
Qc6 {[%clk 00:00:22]} {[%emt 00:00:03]} 26. Qxc6 {[%clk 00:08:29]} {[%emt
00:01:53]} Rxc6 {[%clk 00:00:31]} {[%emt 00:00:01]} 27. b4 {[%clk 00:06:27]}
{[%emt 00:02:12]} e5 {[%clk 00:00:21]} {[%emt 00:00:19]} 28. f5 {[%clk
00:05:40]} {[%emt 00:00:58]} Bd4 {[%clk 00:00:16]} {[%emt 00:00:15]} 29. Bxd4
{[%clk 00:05:16]} {[%emt 00:00:34]} exd4 {[%clk 00:00:25]} 30. Rf2 {[%clk
00:05:04]} {[%emt 00:00:23]} Rc3 {[%clk 00:00:13]} {[%emt 00:00:21]} 31. Rd1
{[%clk 00:04:51]} {[%emt 00:00:22]} Rd8 {[%clk 00:00:13]} {[%emt 00:00:11]} 32.
Rfd2 {[%clk 00:04:35]} {[%emt 00:00:26]} f6 {[%clk 00:00:14]} {[%emt 00:00:09]}
33. h4 {[%clk 00:01:03]} {[%emt 00:03:41]} g6 {[%clk 00:00:15]} {[%emt
00:00:09]} 34. Rxd4 {[%clk 00:00:30]} {[%emt 00:00:43]} Rxc2+ {[%clk 00:00:20]}
{[%emt 00:00:05]} 35. Kg3 {[%clk 00:00:39]} Rc3+ {[%clk 00:00:17]} {[%emt
00:00:13]} 36. Kf4 {[%clk 00:00:45]} {[%emt 00:00:05]} Rxd4+ {[%clk 00:00:13]}
{[%emt 00:00:13]} 37. Rxd4 {[%clk 00:00:54]} 1/2-1/2